Loading...
| Current Events | 1 | 10.00 | 100% | 0% | 0% |
| Fine Arts - Auditory Fine Arts | 3 | 10.00 | 100% | 0% | 0% |
| Fine Arts - Other Fine Arts | 5 | 10.00 | 60% | 20% | 20% |
| Fine Arts - Visual Fine Arts | 6 | 11.67 | 100% | 17% | 0% |
| Geography | 2 | 15.00 | 100% | 50% | 0% |
| History - American History | 2 | 10.00 | 100% | 0% | 0% |
| History - European History | 3 | 10.00 | 67% | 33% | 0% |
| History - Other History | 3 | 10.00 | 100% | 0% | 0% |
| History - World History | 4 | 15.00 | 100% | 50% | 0% |
| Literature - American Literature | 5 | 6.00 | 60% | 0% | 0% |
| Literature - British Literature | 4 | 10.00 | 100% | 0% | 0% |
| Literature - European Literature | 3 | 13.33 | 100% | 33% | 0% |
| Literature - World Literature | 5 | 10.00 | 100% | 0% | 0% |
| Mythology | 3 | 13.33 | 100% | 33% | 0% |
| Philosophy | 4 | 5.00 | 50% | 0% | 0% |
| Pop Culture | 1 | 0.00 | 0% | 0% | 0% |
| Popular Culture | 1 | 0.00 | 0% | 0% | 0% |
| Religion | 2 | 5.00 | 50% | 0% | 0% |
| Science - Biology | 2 | 15.00 | 100% | 50% | 0% |
| Science - Chemistry | 3 | 10.00 | 100% | 0% | 0% |
| Science - Other Science | 1 | 20.00 | 100% | 100% | 0% |
| Science - Physics | 5 | 8.00 | 80% | 0% | 0% |
| Social Science | 4 | 10.00 | 75% | 25% | 0% |